| 000 | 00710nam a22002537a 4500 | ||
|---|---|---|---|
| 001 | 12371446 | ||
| 003 | ARRUPE | ||
| 005 | 20131202181627.0 | ||
| 008 | 010131s1999 tz 000 0 eng | ||
| 010 | _a 00379303 | ||
| 020 | _a9976973535 | ||
| 035 | _a(DLC) 00379303 | ||
| 040 |
_aDLC _cDLC |
||
| 042 | _alcode | ||
| 050 | 0 | 0 | _aPR9385.9.N33.D5 |
| 100 | 1 |
_aNdunguru, S. N. _94664 |
|
| 245 | 1 | 0 |
_aDivine providence / _cS.N. Ndunguru. |
| 260 |
_aDar es Salaam : _bMkuki na Nyota Publishers, _cc1999. |
||
| 300 |
_a118 p. ; _c21 cm. |
||
| 500 | _a"A novel"--Cover. | ||
| 906 |
_a7 _bcbc _corigode _d3 _encip _f20 _gy-gencatlg |
||
| 942 |
_2lcc _cMONOGRAPH |
||
| 999 |
_c118929 _d118929 |
||